|
|
|
|
| LEADER |
00826nab a2200217 i 4500 |
| 001 |
publ31021 |
| 005 |
20241031102557.0 |
| 008 |
241031s2003 hu o 000 hun d |
| 022 |
|
|
|a 0017-6036
|
| 024 |
7 |
|
|a 2524083
|2 mtmt
|
| 040 |
|
|
|a SZTE Publicatio Repozitórium
|b hun
|
| 041 |
|
|
|a hun
|
| 100 |
1 |
|
|a Pallagi Edina
|
| 245 |
1 |
2 |
|a A nedvesedési szög és a felületi szabad energia meghatározásának elmélete és gyakorlata [Theory and practice of the determination of contact angle and surface free energy]
|h [elektronikus dokumentum] /
|c Pallagi Edina
|
| 260 |
|
|
|c 2003
|
| 300 |
|
|
|a 83-90
|
| 490 |
0 |
|
|a GYÓGYSZERÉSZET
|v 47
|
| 650 |
|
4 |
|a Általános orvostudomány
|
| 700 |
0 |
1 |
|a Révész Piroska
|e aut
|
| 700 |
0 |
1 |
|a Erős István
|e aut
|
| 856 |
4 |
0 |
|u http://publicatio.bibl.u-szeged.hu/31021/1/aok_klny_481_03.pdf
|z Dokumentum-elérés
|